Normal view
MARC view
- Jamil,Mubasher
Entry Personal Name
001 - CONTROL NUMBER
- control field: 17205
003 - CONTROL NUMBER IDENTIFIER
- control field: NUST
005 - DATE AND TIME OF LATEST TRANSACTION
- control field: 20190710045925.0
008 - FIXED-LENGTH DATA ELEMENTS
- fixed length control field: 190710|| aca||aabn | a|a d
040 ## - CATALOGING SOURCE
- Original cataloging agency: NUST
- Transcribing agency: NUST
100 ## - HEADING--PERSONAL NAME
- Personal name: Jamil,Mubasher
670 ## - SOURCE DATA FOUND
- Source citation: Work cat.: (NUST): Jamil,Mubasher, Black Holes in an Accelerating Universe /, 2010.
